| 000 | 004730000a22001930004500 | ||
|---|---|---|---|
| 003 | LK-CoMWRAF | ||
| 005 | 20230929112140.0 | ||
| 008 | 230817t ||||| |||| 00| 0 eng d | ||
| 040 |
_aLK-CoMWRAF _dLK-CoMWRAF _eLK-CoMWRAF |
||
| 041 | _aeng | ||
| 082 |
_a297.577 _bSAK |
||
| 100 | _aSakr, Ahmad H. | ||
| 245 | _aFamily valules in Islam | ||
| 260 |
_aLondon : _bAhmad H.Sakr, |
||
| 300 | _a193p | ||
| 650 | _aFamily in Islam | ||
| 650 | _aFamily Problems | ||
| 942 | _cBK | ||
| 999 |
_c937 _d937 |
||